000 01223nam a2200301 a 4500
001 000005370
005 20200929151645.0
008 090819s1996 es abc 001 0 spa d
020 _a8487111548
040 _aDO-SdBNP
_bspa
_cBNPHU
082 _a305.8
_bE84c
245 0 0 _aEtnología de las comunidades autónomas /
_cJosé Luis Acín Fanlo... [et al.] ; coordinación e introducción Matilde Fernández Montes.
260 _aMadrid :
_bConsejo Superior de Investigaciones Científicas :
_bEdiciones Doce Calles,
_c1996.
300 _a639 p. :
_bil., mapas, retrs. ;
_c27 cm.
504 _aIncluye bibliografía y notas al pie de páginas.
504 _aIncluye bibliografía: p.618-629.
650 4 _aEtnología
_zEspaña
_915228
650 4 _aComunidades autónomas españolas
_915229
700 1 _aAcín Fanlo, José Luis
_915230
700 1 _aCaro Baroja, Julio
_915231
700 1 _aG. Viana, Luis Díaz
_915232
700 1 _aElías Pastor, Luis Vicente
_915233
700 1 _aFariña González, Manuel A.
_915234
700 1 _aFernández Montes, Matilde
_915235
710 2 _aConsejo Superior de Investigaciones Científicas (España)
_915178
910 _aValidado. Control de la calidad EMS
049 _aBNPD
999 _c5170
_d5170